MDQL
is popping MORE tags! Check the
thread
!
Quizzes
Events
Quiz Creation
Community
Videos
Private Events
Remove Ads
Sign In
Join for FREE
Feedback
Dark Mode
Quiz Categories
Sports
Geography
Music
Movies
Television
Just For Fun
Miscellaneous
History
Literature
Language
Science
Gaming
Entertainment
Religion
Holiday
For Kids
Quiz Lab
Recent
Popular Today
Quiz Kudos Today
Editor Picks
Curator Picks
Quizzes by...
Day
Popularity
Type
Ratings
Length
Year
Community
Subscriptions
Recent Discussions
Orange Saloon
Badges
Playlists
Quests
Create
Leaderboards
Showdown
Live 5
Trivia Bingo
Activity
Puzzle Library
Sporcle Events
Private Events
Virtual Trivia
Globe League
Become a Host
Pub Owners
SporcleCon
Opinionation
Our Games
Videos
Blog
Mobile Apps
Partnerships
Remove Ads and Go Orange
Feedback
Gaming
Video Games
Board Games
Card Games
Pokémon
Mario
Nintendo
Minecraft
Console
Toys
Legend of Zelda
Gaming
Video Games
Board Games
Card Games
Pokémon
Mario
Nintendo
Minecraft
Console
Toys
Legend of Zelda
Random Quiz
Search Sporcle
×
Quiz Lab
Quiz Lab
Gaming
Video Games
Type in answers that appear in a list
Type in answers that appear in a list
Classic
Best Score? Go Orange.
Kingdom Hearts 358/2 Days: Tears Stats
Do you know the words to Roxas and Xion's final scene together in Kingdom Hearts 358/2 Days?
By
XPeaceChill
15m
260 Questions
985 Plays
985 Plays
985 Plays
Comments
Comments
Give Quiz Kudos
Give Quiz Kudos
-
- Ratings
hide this ad
Replay
Link that replays current quiz
Next Quiz
Link to next quiz in quiz playlist
You Got
0%
They Got
Avg Score
82%
Avg Friend Score
Upgrade to see
Score Distribution
Jump to the score distribution portion of the page
Score
0/260
Timer
15:00
0
Plays Today
Speaker
Word
% Correct
~~Xion joins Roxas~~
99.8%
~~Xion hands Roxas some ice cream~~
99.8%
~~Xion removes her hood~~
99.8%
~~Xion walks off the Clock Tower~~
99.8%
~~They fight~~
99.8%
~~She fades away~~
99.8%
Xion
Oh...
99.7%
Roxas
I
99.4%
Roxas
I
99.4%
Xion
I
99.4%
Xion
I
99.4%
Xion
I
99.4%
Xion
I
99.4%
Roxas
I
99.4%
Roxas
I...
99.4%
Xion
I
99.4%
Xion
I
99.4%
Xion
I
99.4%
Xion
I
99.4%
Roxas
I
99.4%
Roxas
Xion!
97.3%
Roxas
Xion...
97.3%
Roxas
Xion.
97.3%
Roxas
a
97.1%
Xion
a
97.1%
Xion
a
97.1%
Xion
a
97.1%
Xion
Who
96.4%
Roxas
Who
96.4%
Roxas
who
96.4%
Roxas
who
96.4%
Roxas
you.
96.3%
Xion
You
96.3%
Xion
you
96.3%
Xion
you
96.3%
Xion
you
96.3%
Xion
you
96.3%
Roxas
you...
96.3%
Roxas
you?
96.3%
Xion
you...
96.3%
Xion
you
96.3%
Xion
You
96.3%
Xion
you
96.3%
Xion
you.
96.3%
Xion
have
94.9%
Xion
have
94.9%
Xion
have
94.9%
Xion
have
94.9%
Xion
have
94.9%
Xion
have
94.9%
Roxas
have
94.9%
Xion
so
94.5%
Xion
so
94.5%
Xion
Roxas...
94%
Xion
Roxas.
94%
Xion
Roxas...
94%
Xion
Roxas.
94%
Xion
Roxas.
94%
Xion
Roxas...
94%
Xion
Roxas.
94%
Xion
No...
93.9%
Roxas
No!
93.9%
Xion
with
93.3%
Xion
with
93.3%
Roxas
ice
93.3%
Roxas
with?
93.3%
Roxas
cream
93.1%
Xion
will
92.9%
Roxas
will
92.9%
Xion
to
92.2%
Xion
to
92.2%
Xion
do
92.2%
Xion
to
92.2%
Xion
to
92.2%
Roxas
to
92.2%
Xion
to
92.2%
Xion
to
92.2%
Xion
do
92.2%
Xion
to
92.2%
Xion
to
92.2%
Xion
do
92.2%
Xion
to
92.2%
Xion
to
92.2%
Xion
me...
92.1%
Xion
me
92.1%
Xion
me,
92.1%
Xion
me,
92.1%
Speaker
Word
% Correct
Xion
me
92.1%
Xion
me
92.1%
Xion
Sora.
91.6%
Xion
Sora.
91.6%
Roxas
go?
91%
Xion
go
91%
Roxas
the
90.9%
Xion
the
90.9%
Roxas
are
90.5%
Xion
this
89.4%
Xion
This
89.4%
Xion
This
89.4%
Xion
This
89.4%
Roxas
this
89.4%
Xion
It
88.9%
Roxas
did
88.4%
Roxas
did
88.4%
Roxas
What
87.8%
Xion
is
87.8%
Xion
is
87.8%
Xion
be...
87.7%
Xion
be
87.7%
Roxas
Where
87.2%
Xion
of
86.1%
Xion
of
86.1%
Xion
of
86.1%
Xion
for
85.8%
Xion
I'm
85.7%
Xion
I'm
85.7%
Xion
I'm
85.7%
Xion
I'm
85.7%
Roxas
I'm
85.7%
Xion
I'm
85.7%
Roxas
else
85.7%
Xion
see?
85.6%
Xion
see
85.6%
Xion
see?
85.6%
Xion
See
85.6%
Xion
Axel,
85.3%
Roxas
Am
84.8%
Xion
am
84.8%
Xion
than
84.3%
Xion
It's
83.7%
Roxas
It's
83.7%
Xion
It's
83.7%
Xion
was
83.3%
Xion
was
83.3%
Xion
Don't
82.6%
Xion
my
81.9%
Xion
my
81.9%
Xion
my
81.9%
Xion
him.
81.8%
Xion
him.
81.8%
Xion
and
81.7%
Xion
And
81.7%
Xion
and
81.7%
Xion
not
81.2%
Xion
hearts
81.2%
Xion
Hearts...
81.2%
Roxas
Hearts...
81.2%
Xion
Hearts.
81.2%
Xion
that
81.1%
Xion
that
81.1%
Xion
that,
81.1%
Xion
that
81.1%
Xion
too.
81%
Xion
too
81%
Xion
too.
81%
Roxas
Thank
80.9%
Roxas
one
80.6%
Xion
Kingdom
80.6%
Roxas
Kingdom
80.6%
Xion
Kingdom
80.6%
Roxas
think
80.5%
Xion
time.
80.1%
Xion
why
79.8%
Xion
can't
79.5%
Xion
can't.
79.5%
Xion
like
79.3%
Roxas
like
79.3%
Roxas
could
79.1%
Xion
part.
79%
Xion
part
79%
Xion
Xemnas
78.6%
Xion
Xemnas...
78.6%
Xion
if
77.9%
Xion
If
77.9%
Speaker
Word
% Correct
Xion
make
77%
Xion
make
77%
Xion
now...
77%
Xion
now.
77%
Xion
now,
77%
Xion
forget.
77%
Xion
favor.
76.6%
Xion
out
76.5%
Xion
feel
76.5%
Xion
her
76.5%
Roxas
feel
76.5%
Xion
let
76.3%
Xion
let
76.3%
Xion
face...
75.4%
Xion
face...
75.4%
Xion
need
75.4%
Xion
friends.
74.6%
Xion
his
74%
Xion
them
73.8%
Roxas
them?
73.8%
Xion
course,
73.7%
Xion
choice.
73.2%
Xion
created.
73.2%
Xion
choice...
73.2%
Xion
best
73.1%
Xion
going
72.9%
Xion
late...
72.9%
Roxas
something
72.6%
Xion
All
72.3%
Xion
boy's
72.2%
Roxas
really
72.1%
Roxas
joke.
71.9%
Xion
memories
71.5%
Xion
You're
71.5%
Xion
You're
71.5%
Xion
then
71.3%
Roxas
forgetting
71%
Xion
free.
71%
Roxas
Free
71%
Xion
puppet
70.6%
Roxas
important.
70.6%
Xion
way.
70.4%
Xion
away
69.6%
Xion
at
69.4%
Xion
many
69.1%
Xion
Look
69.1%
Roxas
again?
68.7%
Xion
again.
68.7%
Xion
play
68.6%
Xion
Set
67.9%
Xion
But
67.8%
Xion
those
67.7%
Xion
Never
67.6%
Xion
about
66.7%
Xion
means
66.7%
Xion
better
66.7%
Xion
Better
66.7%
Xion
both
66.6%
Xion
ready...
65.8%
Xion
ready.
65.8%
Xion
much...
64.5%
Roxas
weird.
63.8%
Xion
nothing...
63.5%
Xion
almost
62.2%
Xion
back...
61.5%
Xion
given
61.1%
Xion
got
60.9%
Xion
meet
60.3%
Xion
You'll
60.1%
Xion
off
59.9%
Xion
glad...
59.3%
Xion
belong
57.7%
Xion
else's
57%
Xion
overflow.
56.4%
Xion
into
56.3%
Xion
Even
56.2%
Xion
That's
56%
Xion
Good-bye,
55.3%
Xion
I've
55%
Xion
truth.
53.9%
Xion
mistakes.
53.8%
Xion
next,
53.1%
Xion
poured
53%
Xion
somebody
52.4%
Xion
undo
48.2%
Xion
captured...
47.2%
Quiz Playlist
Details
Report
Send in Message
Add To Playlist
Classic:
Type in answers that appear in a list
Last Updated: Sep 24, 2019
Quiz Scoreboard
CHALLENGE
Sign Up to Join the Scoreboard
Show All
Scores
Hide
Comments
May contain spoilers
Recently Published
Colored Red Africa Blitz
by spor1
Geography
30s
Find the 'City' Movie
by crazypaving
Movies
60s
5x2 Blitz: Bands
by SL_Kpop136
Music
30s
More to Explore
Quiz From the Vault
Featured Blog Post
14 Easter Pick-up Lines to Find Eggs With
hide this ad
You Might Also Like...
Tags
Disney Quiz
Video Games Quiz
Conversation
DS Games
Kingdom Hearts
Organization
Organization 13
Organization XIII
rpg
scene
Square
Square Enix
Today's Top Quizzes in Gaming
Browse Gaming
hide this ad
Today's Top Quizzes in Video Games
Browse Video Games
Top Contributed Quizzes in Gaming
1
Genshin murder mystery
2
Dead By Daylight Logic Puzzle
3
Destiny 2 exotic weapons by perk icons
4
League of Legends Pro Players by Career/Team History
5
Genshin Impact Logic Puzzle
6
Overwatch 2: Ultimate Ability Icons
7
Genshin Impact Logic Puzzle Quiz II
8
Overwatch Logic Puzzle
9
Who's on the WWE 2K24 Cover?
10
5-to-1: Legend of Zelda
Explore More
Trending Topics
Anime
Crossword
Disney
Kpop
Marvel
NBA
Harry Potter
WWE
Country
Song
Pokémon
Soccer
Puzzle
NFL
The Office
hide this ad
More By:
XPeaceChill
Quiz
Plays
Rating
Category
Featured
Created
Stardew Valley Villagers
10,816
4.85
Gaming
Apr 26, 2016
The Ending of The Great Gatsby
7,372
4.57
Literature
Apr 26, 2013
Survivor Item Match
6,007
4.61
Television
Jun 1, 2016
Gorillaz Clint Eastwood Lyrics
5,426
4.23
Music
Sep 13, 2013
Gorillaz Songs
4,652
4.94
Music
Jan 26, 2013
Go to Creator's Profile
Score Distribution
Quiz Creator Spotlight
XPeaceChill
Follow
Send a Message
Quizzes Created
-
Created Quiz Play Count
-
More By This Creator
Popular Quizzes Today
1
Colored Red Africa Blitz
2
Find the 'City' Movie
3
5x2 Blitz: Bands
4
Find the US States - No Outlines Minefield
5
The Countries of the World
6
Find the US States
7
US States
8
Find the Countries of Europe - No Outlines Minefield
More Gaming Quizzes
Apples to Apples, or Cards Against Humanity?
Editor's Pick
Trending Quizzes
Colored Red Europe Blitz I
Colored Red Europe Blitz II
Colored Red Africa Blitz II
Colored Red Europe Blitz III
Colored Red Africa Blitz III
Recently Updated
How Do You Spell That?
pecheneg
Godzilla Movies
pecheneg
Grab Bag: 4-10 Letters
pecheneg
2024 March Madness Bracket
pecheneg
Famous TV Couples
Peacemaker
Champions League XIs: Real Madrid
pecheneg
Largest US Cities 1790-2010
pecheneg
Rides in Walt Disney World
pecheneg
Most Oscar Losses (Acting)
pecheneg
Beyoncé Albums
pecheneg
Trending Topics
Anime
Crossword
Harry Potter
NBA
Marvel
Disney
Kpop
NFL
Puzzle
Soccer
Pokémon
Country
The Office
WWE
Song
Your Account Isn't Verified!
In order to create a playlist on Sporcle, you need to verify the email address you used during registration. Go to your
Sporcle Settings
to finish the process.
Report this User
Report this user for behavior that violates our
Community Guidelines
.
Details:
Send Report
Go to the Sporcle.com Mobile Site →
Comments